[Event "Lansing op"]
[Site "Lansing"]
[Date "2004.09.05"]
[Round "5"]
[White "Raban, David"]
[Black "Neshewat, Michael"]
[Result "1-0"]
[WhiteElo "1718"]
[BlackElo "1651"]
[PlyCount "65"]
[EventDate "2004.09.03"]
[EventType "swiss"]
[EventRounds "7"]
[EventCountry "USA"]
[SourceTitle "EXT 2007"]
[Source "ChessBase"]
[SourceDate "2006.11.23"]
[SourceVersion "1"]
[SourceVersionDate "2006.11.23"]
[SourceQuality "1"]

1. d4 d5 2. c4 e6 3. Nc3 Bb4 4. Qa4+ Nc6 5. cxd5 exd5 6. Bf4 Nf6 7. e3 0-0 8. Bd3 Re8 9. Nge2 a6 10. Bg3 Bd6 11. 0-0 Ne4 12. Bxd6 Qxd6 13. Ng3 f5 14. Rac1 Bd7 15. Qb3 Be6 16. Qd1 Rf8 17. Qe2 Rf6 18. Na4 Raf8 19. Nc5 Nxc5 20. Rxc5 Ne7 21. Qc2 c6 22. b4 Rh6 23. f4 Bd7 24. a4 Qe6 25. Qe2 Qf6 26. Rfc1 Qh4 27. Nf1 Kh8 28. b5 axb5 29. axb5 Rg8 30. Qf2 Qf6 31. Nd2 g5 32. Nf3 Ng6 33. fxg5 1-0

[Event "Lansing op"]
[Site "Lansing"]
[Date "2004.09.03"]
[Round "1"]
[White "Smith, Robert Wayne"]
[Black "Raban, David"]
[Result "0-1"]
[WhiteElo "1500"]
[BlackElo "1718"]
[PlyCount "78"]
[EventDate "2004.09.03"]
[EventType "swiss"]
[EventRounds "7"]
[EventCountry "USA"]
[SourceTitle "EXT 2007"]
[Source "ChessBase"]
[SourceDate "2006.11.23"]
[SourceVersion "1"]
[SourceVersionDate "2006.11.23"]
[SourceQuality "1"]

1. d4 Nc6 2. Nf3 d5 3. c4 Bg4 4. e3 Nf6 5. Nc3 e6 6. cxd5 Nxd5 7. Be2 Bb4 8. Qc2 0-0 9. 0-0 Re8 10. Ne4 e5 11. a3 Bf8 12. Neg5 g6 13. h3 Bxf3 14. Bxf3 exd4 15. e4 Nb6 16. Be2 Ne5 17. Bd3 Nxd3 18. Qxd3 c5 19. h4 h5 20. g4 hxg4 21. h5 f6 22. e5 fxg5 23. Qxg6+ Kh8 24. Bxg5 Qd7 25. Bf6+ Bg7 26. h6 Bxf6 27. Qxf6+ Kh7 28. Qf4 Nd5 29. Qe4+ Kxh6 30. Kg2 Kg5 31. Kg3 Rf8 32. f4+ gxf3 33. Kf2 Ne3 34. Rg1+ Ng2 35. e6 Qe7 36. Qe5+ Rf5 37. Qg3+ Kf6 38. Rh1 Kxe6 39. Rac1 Kd5 0-1

[Event "Kalamazoo op"]
[Site "Kalamazoo"]
[Date "2002.10.20"]
[Round "4.15"]
[White "Franklin, Stanley"]
[Black "Raban, David"]
[Result "1/2-1/2"]
[WhiteElo "1663"]
[BlackElo "1608"]
[PlyCount "118"]
[EventDate "2002.10.19"]
[EventType "swiss"]
[EventRounds "5"]
[EventCountry "USA"]
[SourceTitle "EXT 2007"]
[Source "ChessBase"]
[SourceDate "2006.11.23"]
[SourceVersion "1"]
[SourceVersionDate "2006.11.23"]
[SourceQuality "1"]

1. e4 e6 2. d4 d5 3. Nd2 c5 4. c3 cxd4 5. cxd4 Nc6 6. Bb5 Qb6 7. Bxc6+ bxc6 8. Ne2 Nf6 9. e5 Nd7 10. 0-0 c5 11. Nb3 cxd4 12. Bf4 Be7 13. Nexd4 0-0 14. Rc1 Bb7 15. Qg4 Rfc8 16. h4 Rc4 17. Bh6 Bf8 18. Be3 Rac8 19. Qg3 Qd8 20. h5 Kh8 21. h6 gxh6 22. Rxc4 dxc4 23. Nd2 Bg7 24. N4f3 Qa5 25. Bd4 Bd5 26. a3 Nc5 27. Qf4 Kg8 28. Qg3 Nd3 29. Bc3 Qc7 30. Rb1 Kh8 31. Qh2 Rg8 32. Kf1 Bf8 33. Bd4 Bc5 34. Qh4 Bxd4 35. Qxd4 a5 36. b3 c3 37. Qxd3 cxd2 38. Qxd2 Bxf3 39. gxf3 Qxe5 40. Qd3 Rb8 41. b4 Qb5 42. Ke2 axb4 43. Qxb5 Rxb5 44. axb4 Kg7 45. Kd3 Kf6 46. Kc4 Rb8 47. Kc5 h5 48. b5 Ke5 49. Rb4 Rc8+ 50. Kb6 Rc3 51. Rh4 Rxf3 52. Rxh5+ f5 53. Rh2 Kd5 54. Rh1 Rxf2 55. Rb1 f4 56. Kc7 Rc2+ 57. Kd7 f3 58. b6 f2 59. b7 Rb2 1/2-1/2

[Event "Lansing op"]
[Site "Lansing"]
[Date "2001.09.02"]
[Round "4"]
[White "Sanborn, Richard"]
[Black "Raban, David"]
[Result "1/2-1/2"]
[WhiteElo "1729"]
[BlackElo "1538"]
[PlyCount "45"]
[EventDate "2001.08.31"]
[EventType "swiss"]
[EventRounds "7"]
[EventCountry "USA"]
[SourceTitle "EXT 2007"]
[Source "ChessBase"]
[SourceDate "2006.11.23"]
[SourceVersion "1"]
[SourceVersionDate "2006.11.23"]
[SourceQuality "1"]

1. e4 e6 2. d4 d5 3. exd5 exd5 4. Bd3 Nc6 5. c3 Bd6 6. h3 Nge7 7. Ne2 Bf5 8. Bf4 Bg6 9. 0-0 0-0 10. Qc2 Bxf4 11. Nxf4 Bxd3 12. Nxd3 Ng6 13. Nd2 Qd6 14. b4 Rae8 15. Rfe1 Nf4 16. Nxf4 Qxf4 17. Nf3 Re4 18. b5 Na5 19. Ne5 Rxe1+ 20. Rxe1 Re8 21. g3 Qh6 22. Kg2 Qe6 23. a4 1/2-1/2

[Event "Romulus op"]
[Site "Romulus"]
[Date "2000.09.02"]
[Round "2"]
[White "Haygood, Norman"]
[Black "Raban, David"]
[Result "1-0"]
[WhiteElo "1416"]
[BlackElo "1586"]
[PlyCount "49"]
[EventDate "2000.09.01"]
[EventType "swiss"]
[EventRounds "7"]
[EventCountry "USA"]
[SourceTitle "EXT 2007"]
[Source "ChessBase"]
[SourceDate "2006.11.23"]
[SourceVersion "1"]
[SourceVersionDate "2006.11.23"]
[SourceQuality "1"]

1. e4 e6 2. c4 d5 3. cxd5 exd5 4. exd5 Nf6 5. d4 Nxd5 6. h3 Nd7 7. Nf3 c6 8. Be2 Bd6 9. 0-0 0-0 10. Nc3 N7f6 11. Bg5 Qc7 12. Bxf6 Nxf6 13. Rc1 Qd8 14. Re1 Bf5 15. Bd3 Qa5 16. Qc2 Bxd3 17. Qxd3 Rad8 18. Qc2 Bc7 19. Re7 Rd7 20. Rce1 Bd6 21. Rxd7 Nxd7 22. a3 Nf6 23. Ne4 Nxe4 24. Qxe4 Qd8 25. b4 1-0